Statistics for The 10 first countries to recognize Kosovo quiz

Click here to take the quiz!

General Stats

  • This quiz has been taken 26 times
  • The average score is 6 of 10

Answer Stats

HintAnswer% Correct
18th February 2008United states
95%
18th February 2008United kingdom
91%
18th February 2008France
82%
20th February 2008Germany
82%
18th February 2008Albania
77%
19th February 2008Australia
50%
18th February 2008Turkey
41%
18th February 2008Afghanistan
23%
17th February 2008Costa rica
18%
19th February 2008Senegal
5%

Score Distribution

Percentile by Number Answered

Percent of People with Each Score

Your Score History

You have not taken this quiz